Loading...

Pratinidhi Kahaniyan: Paritosh Chakravarthi/

Bibliographic Details
Main Author: Paritosh Chakravarthi
Format: Printed Book
Published: Delhi: Nayi Kitab Prakashan, 2018.
Subjects:
LEADER 00577nam a22001697a 4500
999 |c 145337  |d 145337 
020 |a 9789387187290 
082 |a H301  |b PAR/P 
100 |a Paritosh Chakravarthi 
245 |a Pratinidhi Kahaniyan:  |b Paritosh Chakravarthi/  |c by Paritosh Chakravarthi 
260 |a Delhi:  |b Nayi Kitab Prakashan,  |c 2018. 
300 |a 232p. 
650 |a Stories Hindi 
650 |a Literature Hindi 
650 |a Literature 
942 |c BK 
952 |0 0  |1 0  |4 0  |6 H_301_000000000000000_PAR_P  |7 0  |9 103739  |a SSUS  |b SSUS  |c STACKS  |d 2020-10-01  |g 450.00  |o H301 PAR/P  |p 100623  |r 2020-10-01  |w 2020-10-01  |y BK